000 00800nas a2200277 4500
001 BR9704965
003 BR-BrBNA
005 20231205100559.0
007 ta
008 230509b bl.|||p| |||| 00| 00por d
040 _aBR-BrBNA
_bpor
_cBiblioteca Nacional de Agricultura
041 _a(Pt)
072 _aM12
100 1 _aPersich, G.R.
100 1 _aOdebrecht, C.
100 1 _aBergesch, M.
100 1 _aAbreu, P.C.
245 1 _aEutrofizacao e fitoplancton: comparacao entre duas enseadas rasas no estuario da Lagoa dos Patos
650 _aEutroficacao
650 _aLimnologia
650 _aEstuario
650 _aClorofila
773 0 _tAtlantica (Brazil)
_xISSN 0102-1656
_g(1996), v. 18 p. 27-41
_wBR9704965
909 _a202311
_bLúcia
_c55
_dLúcia Elande
942 _2AGRIS
_n0
_cANA
999 _c156812
_d156812